Biggest Cities of the Southwestern United States in 1950 with a Map - Statistics

General Stats
  • This quiz has been taken 114 times
  • The average score is 23 of 50
Answers on the Map
Answers color-coded by a green-red scale on the quiz's map according to % correct below.
 
Answer Stats
Population State Cities % Correct
24,624 NV Las Vegas
100%
7,494 NM Las Vegas (city)
100%
6,269 NM Las Vegas (town)
100%
130,485 TX El Paso
99%
106,818 AZ Phoenix
99%
96,815 NM Albuquerque
97%
45,454 AZ Tucson
97%
27,998 NM Santa Fe
93%
45,472 CO Colorado Springs
86%
7,663 AZ Flagstaff
81%
16,790 AZ Mesa
81%
9,145 AZ Yuma
76%
12,385 NM Las Cruces
74%
63,685 CO Pueblo
68%
25,738 NM Roswell
65%
8,179 AZ Glendale
63%
4,562 UT St. George
63%
7,684 AZ Tempe
60%
6,433 CA Calexico
54%
7,660 CA Palm Springs
47%
6,153 AZ Nogales
46%
6,764 AZ Prescott
39%
17,975 NM Carlsbad
36%
7,459 CO Durango
36%
9,133 NM Gallup
36%
12,590 CA El Centro
33%
4,563 NM Truth or Consequences
32%
6,106 UT Cedar City
31%
5,300 CA Indio
31%
6,783 NM Alamogordo
29%
9,442 AZ Douglas
25%
12,204 CO Trinidad
25%
6,518 AZ Winslow
24%
6,345 CO Cañon City
21%
7,022 NM Silver City
21%
6,419 AZ Globe
19%
4,964 CO Montrose
19%
5,600 CA El Cajon
18%
8,241 NM Raton
18%
5,354 CO Alamosa
17%
8,244 NM Artesia
14%
5,672 NM Deming
14%
4,334 NM Socorro
14%
11,922 CA Brawley
11%
4,553 CO Salida
10%
5,596 CO Walsenburg
10%
7,034 CA Banning
7%
4,495 NM Belen
7%
4,306 AZ Coolidge
7%
4,329 AZ Miami
6%
No matching quizzes found
Score Distribution
Percent of People with Each Score
Percentile by Number Answered
Your Score History
You have not taken this quiz